000 00621nam a22002297a 4500
001 32367
003 UA-OsUOA
005 20220527135831.0
007 ta
008 20050201b un ||||| |||| 00| 0 ukr d
040 _aUA-OsUOA
_brus
_cUA-OsUOA
_dUA-OsUOA
041 _arus
044 _aRU
080 _a821.16
090 _a821.16
_bП28
245 _aПесни южных славян
_cвступ. статья Ю. Смирнов
260 _aМосква
_bХудожественная литература
_c1976
300 _a480 с.
_bІлюстрації
650 7 _2UDC
942 _cBK
_2udc
955 _a0
999 _c318809
_d318809